00790nam a2200205 a 450000100100000000500170001000800410002704000250006824501000009326000360019330000210022949000500025050000210030070000350032170000240035670000270038083000550040795201050046299900170056700003678820200930075933.0120201s1983 xxu 000 0 spa d aDO-SdBNPbspacBNPHU00aSteroide and endometrial cancer /ceditors, Valerio Maria Jasonni, Italo Nenci, Carlo Flamigni. aNew York :bRaven Press,c1983. a245 p. ;c23 cm.1 aProgress in cancer research and therapy ;v25 aIncluye índice12aJasonni, Valerio Maria.96312412aNenci, Italo96312512aFlamigni, Carlo963126 0aProgress in cancer research and therapyv25963127 001050718MOaGRbGRcCTd2012-02-01iLF1l0o p36788-10r2020-06-25w2020-06-25y1ZNo se presta c36279d36279